| 000 | 00342nam a2200121Ia 4500 | ||
|---|---|---|---|
| 008 | 210430s9999 xx 000 0 und d | ||
| 082 | _a536.7024669 G246I | ||
| 100 |
_aGaskell David R _940023 |
||
| 245 |
_aIntroduction To Metallurgical Thermodynamics _cGaskell David R |
||
| 260 |
_bMc Graw Hill _c1973 |
||
| 300 | _a519p. | ||
| 942 |
_cBK _2ddc |
||
| 999 |
_c565599 _d565599 |
||